<?xml version="1.0" encoding="UTF-8"?>
<record
    xmlns:xsi="http://www.w3.org/2001/XMLSchema-instance"
    xsi:schemaLocation="http://www.loc.gov/MARC21/slim http://www.loc.gov/standards/marcxml/schema/MARC21slim.xsd"
    xmlns="http://www.loc.gov/MARC21/slim">

  <leader>00949nab a2200253 uc4500</leader>
  <controlfield tag="001">544475</controlfield>
  <controlfield tag="005">20250312091405.0</controlfield>
  <controlfield tag="008">990906e19980601                    spa  </controlfield>
  <datafield tag="035" ind1=" " ind2=" ">
    <subfield code="a">544475</subfield>
  </datafield>
  <datafield tag="035" ind1=" " ind2=" ">
    <subfield code="a">(OCoLC)819808504</subfield>
  </datafield>
  <datafield tag="040" ind1=" " ind2=" ">
    <subfield code="c">comduadb</subfield>
  </datafield>
  <datafield tag="041" ind1=" " ind2=" ">
    <subfield code="a">spa</subfield>
  </datafield>
  <datafield tag="100" ind1="1" ind2="0">
    <subfield code="a">Ardila Robayo, Maria Cristina</subfield>
    <subfield code="4">aut</subfield>
    <subfield code="e">aut</subfield>
    <subfield code="9">300010</subfield>
  </datafield>
  <datafield tag="245" ind1="1" ind2="4">
    <subfield code="a">Una nueva especie de Atelopus A.M.C Dumeril &amp; Bibron 1841 (Amphibia: Bufonidae) de la cordillera central Colombiana</subfield>
  </datafield>
  <datafield tag="650" ind1=" " ind2=" ">
    <subfield code="a">Taxonom&#xED;a animal</subfield>
    <subfield code="9">63559</subfield>
  </datafield>
  <datafield tag="650" ind1=" " ind2=" ">
    <subfield code="a">Atelopus angelito</subfield>
    <subfield code="9">28512</subfield>
  </datafield>
  <datafield tag="650" ind1=" " ind2=" ">
    <subfield code="a">Bufonidos</subfield>
    <subfield code="9">59398</subfield>
  </datafield>
  <datafield tag="650" ind1=" " ind2=" ">
    <subfield code="a">Sapos</subfield>
    <subfield code="9">7984</subfield>
  </datafield>
  <datafield tag="650" ind1=" " ind2=" ">
    <subfield code="a">Cordillera Central (Colombia)</subfield>
    <subfield code="9">28513</subfield>
  </datafield>
  <datafield tag="651" ind1=" " ind2="7">
    <subfield code="a">Colombia</subfield>
    <subfield code="2">embne</subfield>
    <subfield code="9">870547</subfield>
  </datafield>
  <datafield tag="700" ind1="1" ind2="0">
    <subfield code="a">Ru&#xED;z Carranza, Pedro M.</subfield>
    <subfield code="4">aut</subfield>
    <subfield code="e">aut</subfield>
    <subfield code="9">490042</subfield>
  </datafield>
  <datafield tag="773" ind1="0" ind2=" ">
    <subfield code="t">Revista de la Academia Colombiana de Ciencias Exactas, F&#xED;sicas y Naturales (Bogot&#xE1;)</subfield>
    <subfield code="g">Volumen 22, N&#xFA;mero 083, Junio 1998, p. 281-285</subfield>
    <subfield code="w">100681</subfield>
    <subfield code="x">0370-3908</subfield>
    <subfield code="0">93888</subfield>
  </datafield>
  <datafield tag="942" ind1=" " ind2=" ">
    <subfield code="c">ARIMP</subfield>
  </datafield>
  <datafield tag="999" ind1=" " ind2=" ">
    <subfield code="c">133779</subfield>
    <subfield code="d">133779</subfield>
  </datafield>
</record>
